Films commençant par T par images - Statistiques

Statistiques générales
  • Ce quiz a été pris 989 fois
  • Le résultat moyen est 15 sur 24
Statistiques - réponses
Par images Réponse % Correct
Titanic
100%
Thor
98%
Toy Story
98%
Taxi
95%
Ted
92%
Twilight
92%
Troie
90%
Top Gun
84%
Transformers
82%
La Tour Montparnasse Infernale
73%
Tous en scène
71%
Les trois frères
66%
The Truman Show
58%
Tanguy, le retour
57%
Taxi Driver
54%
Les Temps modernes
51%
Le Tombeau des lucioles
41%
Tout ce qui brille
35%
Les Tontons flingueurs
34%
Taram et le Chaudron magique
34%
Tu ne tueras point
24%
La Traversée de Paris
20%
Titane
10%
Trop belle pour toi
3%
Aucun quiz correspondant
Distribution des résultats
% des personnes avec chaque résultat
Percentile par nombre de réponses
Votre historique - résultats
Vous n’avez pas pris ce quiz